Nuevos conflictos en el PDC

El artículo es una reflexión sobre la crisis interna que sufre el Partido Demócrata Cristiano (PDC), producto de las graves contradicciones internaslas cuales son consecuencia de las luchas entre los diferentes dirigentes por las precandidaturas. Se concluye que estas discordias calan en el ambiente...

全面介紹

Guardado en:
書目詳細資料
格式: Texto
主題:
標簽: 添加標簽
沒有標簽, 成為第一個標記此記錄!

MARC

LEADER 00000 a a2200000 04500
001 5788
003
040
245 |a Nuevos conflictos en el PDC  
520 |a El artículo es una reflexión sobre la crisis interna que sufre el Partido Demócrata Cristiano (PDC), producto de las graves contradicciones internaslas cuales son consecuencia de las luchas entre los diferentes dirigentes por las precandidaturas. Se concluye que estas discordias calan en el ambiente político y la opinión pública, lo que va en detrimento de la inacabada recuperación política del PDC  
650 |a PARTIDOS POLITICOS  
650 |a DEMOCRACIA CRISTIANA  
650 |a COMPORTAMIENTO POLITICO  
650 |a POLITICA  
773 |g volumen 13, número 558; páginas 4-7  
999 |c 30098  |d 30098